A Court of Thorns and Roses Main Character Quiz - Statistics

General Stats
  • This quiz has been taken 148 times
    131 since last reset
  • The average score is 20 of 24
Answer Stats
Hint Answer % Correct
High Lord of the Spring Court Tamlin
100%
Main character's other sister Elain
99%
Main character's oldest sister Nesta
99%
High Lord of the NIght Court Rhysand
99%
Night Court's spymaster - Shadowsinger Azriel
98%
Commander of the Night Court's armies Cassian
98%
High Lady of the Night Court Feyre
98%
^ cousin and third in command Morrigan
97%
second in command of the Night Court Amren
95%
^ former friend - Heir of the Day Court Lucien
95%
Ruled Under the Mountain in the First Book Amarantha
93%
^ true father - High Lord of the Day Court Helion
89%
High Lord of the Autumn Court Beron
88%
A High Priestess of Prythian Ianthe
85%
High Lord of the Winter Court Kallias
84%
Heir of the Autumn Court Eris
83%
High Lord of the Summer Court Tarquin
83%
Main character's maid while in the Spring Court Alis
82%
High Lord of the Dawn Court Thesan
73%
Wants to rule over the humans King of Hybern
64%
Lady of the Winter Court Viviane
64%
Priestess in Velaris - Valkyrie Gwyn
63%
Illyrian Woman - Valkyrie Emerie
60%
Prince of Adriata Varian
55%
No matching quizzes found
Score Distribution
Percent of People with Each Score
Percentile by Number Answered
Your Score History
You have not taken this quiz since the last reset